000 01295nam a22002177a 4500
999 _c62899
_d62899
003 Ge_BSU
005 20250317170757.0
008 250317s2003 ge ||||| |||| 00| 0 geo d
041 _ageo
080 _a616.1/4-07 გ-44
100 _aგვანცელაძე, ვაჟა
_9526
245 _aშინაგან სნეულებათა დიაგნოსტიკა და თერაპია :
_b[სახელმძღვ. სამედ. უნ-ტის და სამედ. ინ-ტის სტუდ.] /
_cვაჟა გვანცელაძე, გიორგი კალანდარიშვილი.
264 _aთბ. :
_bსახ. სამედ. უნ-ტი : გოგი თოფაძის საქველმ. ფონდი,
_c2003.
300 _a966 გვ. ;
_b20 სმ.
504 _aბიბლიოგრ.: გვ. 952-954.
653 _aშინაგანი დაავადებების დიაგნოსტიკა
653 _aშინაგანი დაავადებების თერაპია
653 _aმედიცინა
700 _aკალანდარიშვილი, გიორგი
_eავტორი
_9527
942 _2udc
_cᲬᲘᲒᲜᲘ